Statistiques concernant Les aires urbaines de plus de 50 000 habitants en France

Cliquez ici pour prendre le quiz!

Statistiques générales

  • Ce quiz a été pris 55 fois
  • Le résultat moyen est 76 sur 161

Statistiques - réponses

RangDépartementRéponsePopulation de
l'aire urbaine (2017)
% Correct
1Paris (75)Paris12 628 266
91%
3Bouches-du-Rhône (13)Marseille - Aix-en-Provence1 760 653
86%
5Gironde (33)Bordeaux1 247 977
84%
2Rhône (69)Lyon2 323 221
84%
7Alpes-Maritimes (06)Nice1 006 201
84%
23Calvados (14)Caen422 152
82%
11Isère (38)Grenoble689 840
82%
14Hérault (34)Montpellier616 296
82%
8Loire-Atlantique (44)Nantes972 828
82%
10Ille-et-Vilaine (35)Rennes733 320
82%
9Bas-Rhin (67)Strasbourg
(partie française)
790 087
82%
4Haute-Garonne (31)Toulouse1 360 829
82%
6Nord (59)Lille
(partie française)
1 191 117
80%
99Haute-Corse (2B)Bastia98 688
77%
32Finistère (29)Brest321 364
77%
89Corse-du-Sud (2A)Ajaccio109 091
75%
17Loire (42)Saint-Étienne520 640
75%
19Puy-de-Dôme (63)Clermont-Ferrand485 315
73%
25Côte-d'Or (21)Dijon387 382
73%
41Nord (59)Dunkerque254 858
73%
43Pyrénées-Atlantiques (64)Pau244 753
73%
31Marne (51)Reims323 022
73%
39Gard (30)Nîmes268 785
70%
18Indre-et-Loire (37)Tours495 379
70%
24Moselle (57)Metz390 600
68%
30Pyrénées-Orientales (66)Perpignan323 388
68%
12Seine-Maritime (76)Rouen666 035
68%
13Var (83)Toulon629 334
68%
35Somme (80)Amiens298 519
66%
15Pas-de-Calais (62)
Nord (59)
Douai - Lens539 666
66%
49Charente-Maritime (17)La Rochelle216 995
66%
36Seine-Maritime (76)Le Havre288 973
66%
21Meurthe-et-Moselle (54)Nancy435 279
66%
54Drôme (26)Valence181 814
66%
44Haute-Savoie (74)Annecy238 283
64%
73Ain (01)Bourg-en-Bresse127 695
64%
22Maine-et-Loire (49)Angers422 654
61%
16Vaucluse (84)Avignon530 267
61%
42Doubs (25)Besançon251 700
61%
28Sarthe (72)Le Mans347 626
61%
74Finistère (29)Quimper127 437
61%
124Ille-et-Vilaine (35)Saint-Malo74 022
61%
68Pas-de-Calais (62)Arras131 047
59%
71Pas-de-Calais (62)Calais128 931
59%
48Morbihan (56)Lorient219 628
59%
20Loiret (45)Orléans439 343
59%
50La Réunion (974)Saint-Denis205 275
59%
46Savoie (73)Chambéry226 420
57%
37Haut-Rhin (68)Mulhouse285 948
57%
60Deux-Sèvres (79)Niort157 418
57%
40Vienne (86)Poitiers265 779
57%
51Aube (10)Troyes196 568
57%
52Charente (16)Angoulême182 424
55%
135Cantal (15)Aurillac65 078
55%
97Aude (11)Carcassonne100 006
55%
138Hautes-Alpes (05)Gap63 849
55%
77Mayenne (53)Laval122 681
55%
56Hérault (34)Béziers175 141
52%
67Haut-Rhin (68)Colmar131 314
52%
38Haute-Vienne (87)Limoges283 556
52%
59Morbihan (56)Vannes158 549
52%
57Côtes-d'Armor (22)Saint-Brieuc171 693
50%
110Hérault (34)Sète90 770
50%
151Bouches-du-Rhône (13)Arles55 753
48%
76Vendée (85)La Roche-sur-Yon123 030
48%
125Alpes-Maritimes (06)Menton-Monaco
(partie-française)
73 555
48%
118Drôme (26)Montélimar79 087
48%
47Loire-Atlantique (44)Saint-Nazaire222 139
48%
34Pyrénées-Atlantiques (64)Bayonne
(partie française)
304 890
45%
72Oise (60)Beauvais128 772
45%
87Territoire-de-Belfort (90)Belfort112 782
45%
62Cher (18)Bourges139 052
45%
95Corrèze (19)Brive-la-Gaillarde102 353
45%
80Manche (50)Cherbourg-en-Cotentin119 555
45%
93Saône-et-Loire (71)Mâcon102 851
45%
88Tarn-et-Garonne (82)Montauban112 189
45%
128Landes (40)Mont-de-Marsan70 005
45%
92Dordogne (24)Périgueux102 934
45%
112Aveyron (12)Rodez86 745
45%
26Nord (59)Valenciennes
(partie française)
369 264
45%
114Allier (03)Vichy82 963
45%
83Gard (30)Alès115 428
43%
86Eure (27)Évreux112 834
43%
79Martinique (972)Fort-de-France120 724
43%
157Aisne (02)Laon52 575
43%
141Allier (03)Moulins62 175
43%
105Aude (11)Narbonne93 576
43%
108Yonne (89)Auxerre92 058
41%
75Loir-et-Cher (41)Blois126 153
41%
63Guyane (973)Cayenne138 920
41%
61Eure-et-Loir (28)Chartres146 665
41%
107Vosges (88)Épinal92 702
41%
132Gironde (33)La Teste-de-Buch-Arcachon65 952
41%
55La Réunion (974)Saint-Paul178 806
41%
69Pas-de-Calais (62)Boulogne-sur-Mer129 256
39%
94Ardennes (08)Charleville-Mézières102 830
39%
102Var (83)Fréjus96 229
39%
91Loire (42)Roanne107 414
39%
53La Réunion (974)Saint-Pierre181 905
39%
90Aisne (02)Saint-Quentin108 548
39%
139Aisne (02)Soissons63 677
39%
109Indre (36)Châteauroux91 699
36%
82Maine-et-Loire (49)Cholet116 963
36%
78Oise (60)Creil121 537
36%
29Haute-Savoie (74)Genève - Annemasse
(partie française)
325 696
36%
121Haute-Loire (43)Le Puy-en-Velay75 653
36%
147Jura (39)Lons-le-Saunier58 645
36%
120Allier (03)Montluçon77 346
36%
101Nièvre (58)Nevers97 464
36%
150Charente-Maritime (17)Rochefort55 858
36%
156Manche (50)Saint-Lô52 620
36%
98Moselle (57)Sarrebruck - Forbach
(partie française)
98 772
36%
81Hautes-Pyrénées (65)Tarbes117 290
36%
85Lot-et-Garonne (47)Agen113 582
34%
116Dordogne (24)Bergerac81 095
34%
129Tarn (81)Castres67 698
34%
115Marne (51)Châlons-en-Champagne81 683
34%
65Saône-et-Loire (71)Chalon-sur-Saône135 499
34%
100Oise (60)Compiègne98 430
34%
134Landes (40)Dax65 460
34%
133Jura (39)Dole65 688
34%
161Vendée (85)Les Sables-d'Olonne50 278
34%
45Mayotte (976)Mamoudzou227 245
34%
58Doubs (25)Montbéliard159 742
34%
84Isère (38)Vienne114 936
34%
96Tarn (81)Albi100 832
32%
130Orne (61)Alençon67 656
32%
113Var (83)Draguignan84 928
32%
64Moselle (57)Thionville137 210
32%
106Haute-Savoie (74)Thonon-les-Bains93 099
32%
27Pas-de-Calais (62)Béthune369 151
30%
131Nord (59)Cambrai66 290
30%
145Bas-Rhin (67)Haguenau59 636
30%
70Nord (59)Maubeuge
(partie française)
128 968
30%
122Drôme (26)Romans-sur-Isère74 895
30%
40Charente-Maritime (17)Saintes62 853
30%
146Haute-Saône (70)Vesoul59 208
30%
117Seine-Maritime (76)Dieppe80 180
27%
136Côtes-d'Armor (22)Lannion64 322
27%
33Guadeloupe (971)Pointe-à-Pitre - Les Abymes307 237
27%
158Guadeloupe (971)Basse-Terre51 468
25%
127Vienne (86)Châtellerault70 308
25%
144Eure-et-Loir (28)Dreux60 318
25%
111Pas-de-Calais (62)Saint-Omer90 500
25%
142Bouches-du-Rhône (13)Salon-de-Provence61 555
25%
137Yonne (89)Sens64 049
25%
148Pas-de-Calais (62)Berck56 807
23%
160Vosges (88)Saint-Dié-des-Vosges50 497
23%
155Haute-Marne (52)Saint-Dizier52 926
23%
104Haute-Savoie (74)Cluses95 532
20%
126Loiret (45)Montargis70 943
20%
154La Réunion (974)Saint-Louis53 744
20%
149Lot-et-Garonne (47)Villeneuve-sur-Lot55 971
20%
119Nord (59)Armentières
(partie française)
78 319
18%
143Ardèche (07)Aubenas61 374
18%
103Haut-Rhin (68)Bâle - Saint-Louis
(partie française)
95 932
18%
159Hérault (34)Lunel51 042
18%
123Meurthe-et-Moselle (54)Longwy
(partie française)
74 614
14%
152La Réunion (974)Saint-André56 857
14%
153Pyrénées-Orientales (66)Saint-Cyprien53 623
14%
66Martinique (972)Le Robert132 188
7%

Distribution des résultats

Percentile par nombre de réponses

% des personnes avec chaque résultat

Votre développement - résultats

Vous n’avez pas pris ce quiz